Central Library OPAC University of Rajshahi

The development of Hindu iconography / (Record no. 32517)

MARC details
000 -LEADER
fixed length control field 01050cam a22003137a 4500
001 - CONTROL NUMBER
control field 32517
003 - CONTROL NUMBER IDENTIFIER
rucl marc code BD-RjUL
005 - DATE AND TIME OF LATEST TRANSACTION
control field 20211209051841.0
008 - FIXED-LENGTH DATA ELEMENTS--GENERAL INFORMATION
fixed length control field 140427s1941 ii a a s001 0 eng d
035 ## - SYSTEM CONTROL NUMBER
System control number (BD-RjUL)32606
040 ## - CATALOGING SOURCE
Original cataloging agency DLC
Transcribing agency DLC
Modifying agency DLC
-- BD-RjUL
Language of cataloging eng
041 ## - LANGUAGE CODE
Language code of text/sound track or separate title eng
082 04 - DEWEY DECIMAL CLASSIFICATION NUMBER
Classification number 294.5
Author mark and year BAD 1941
100 1# - MAIN ENTRY--PERSONAL NAME
Personal name Banerjea, Jitendra Nath.
9 (RLIN) 98932
245 14 - TITLE STATEMENT
Title The development of Hindu iconography /
Statement of responsibility, etc. by Jitendra Nath Banerjea.
260 ## - PUBLICATION, DISTRIBUTION, ETC. (IMPRINT)
Place of publication, distribution, etc. Calcutta :
Name of publisher, distributor, etc. University of Calcutta,
Date of publication, distribution, etc. 1941.
300 ## - PHYSICAL DESCRIPTION
Pagination xvi, 459 p. :
Illustrations ill. ;
Size 24 cm.
500 ## - GENERAL NOTE
General note "Thesis approved for the degree of Doctor of Philosophy, University of Calcutta"--T.p. verso.
504 ## - BIBLIOGRAPHY, ETC. NOTE
Bibliography, etc Includes index.
650 #0 - SUBJECT ADDED ENTRY--TOPICAL TERM
Topical term or geographic name as entry element Hindu gods in art.
9 (RLIN) 98933
Topical term or geographic name as entry element Hindu art.
9 (RLIN) 5634
Topical term or geographic name as entry element Idols and images
Geographic subdivision India.
9 (RLIN) 98934
710 2# - ADDED ENTRY--CORPORATE NAME
Corporate name or jurisdiction name as entry element University of Calcutta.
9 (RLIN) 98936
830 #0 - SERIES ADDED ENTRY--UNIFORM TITLE
Volume number/sequential designation item 08932.
830 #0 - SERIES ADDED ENTRY--UNIFORM TITLE
Uniform title SAMP early 20th-century Indian books project ;
942 ## - ADDED ENTRY ELEMENTS (KOHA)
Source of classification or shelving scheme Dewey Decimal Classification
Koha item type Books
Holdings
Lost status Source of classification or shelving scheme Damaged status Not for loan Collection code Permanent Location Current Location Shelving location Date acquired Source of acquisition Cost, normal purchase price Total Checkouts Full call number Date last seen Copy number Koha item type
  Dewey Decimal Classification   Not For Loan Non-fiction Central Library, University of Rajshahi Central Library, University of Rajshahi Reading Room 22/10/1963 Kamala Book 30.00   294.5 BAD 1941 27/04/2014 C-1 Books
  Dewey Decimal Classification     Non-fiction Central Library, University of Rajshahi Central Library, University of Rajshahi   22/10/1963 Kamala Book 30.00   294.5 BAD 1941 27/04/2014 C-2 Books